| 000 | 00652nam a2200205 a 4500 | ||
|---|---|---|---|
| 001 | 000033147 | ||
| 003 | DO-SdBNP | ||
| 005 | 20240313175707.0 | ||
| 007 | ta | ||
| 008 | 110818s1914 dr 000 0 spa d | ||
| 040 |
_aDO-SdBNP _bspa _cBNPHU |
||
| 082 | 4 |
_axxxx _bH765e _222 |
|
| 245 | 0 | 0 |
_aSolemnidad patriótica / _c Homenaje a Enrique Deschamps celebrado en el hotel Ritz el día 9 de enero de 1914. |
| 260 |
_a[Santo Domingo] : _bImp. Fortanet. Libertad, _c1914. |
||
| 300 |
_a101 p. ; _c19 cm |
||
| 500 | _aCelebrado en el Hotel Ritz el día 9 de enero de 1914. | ||
| 590 | _aInventariado, 2022/ YL | ||
| 910 | _aYLockward | ||
| 942 |
_2ddc _cLBS1 |
||
| 999 |
_c32638 _d32638 |
||